Strzelcy bramek w finałach MŚ w piłce nożnej - 2026.01. - Statystyki

Ogólne statystyki
  • Ten quiz został rozwiązany 39 razy
  • Średni wynik to 10 z 16
Statystyki odpowiedzi
Obrazkowy Hint Odpowiedź % Poprawnych
2022 Ángel Di María
100%
2014 Mario Götze
97%
2010 Andrés Iniesta
95%
1958 Pelé
95%
2002 Ronaldo
95%
1998 Zinédine Zidane
95%
2018 Paul Pogba
92%
1974 Gerd Müller
79%
2006 Marco Materazzi
67%
1982 Paolo Rossi
49%
1978 Mario Kempes
44%
1990 Andreas Brehme
31%
1966 Geoff Hurst
26%
1986 Jorge Valdano
13%
1962 Zito
5%
1970 Gérson
0%
Nie znaleziono quizów pasujących do podanych kryteriów
Rozkład punktacji
Procent ludzi z każdym wynikiem
Percentyl według liczby udzielonych odpowiedzi
Twoja historia wyników
Nie rozwiązałeś tego quizu